000
00234nam a2200109Ia 4500
008
240625s9999 xx 000 0 und d
041
_a
eng
082
_a
346.07 SHE
100
_a
SHETH TEJPAL
245
_a
BUSINESS LAW
260
_c
2012
999
_c
39139
_d
39139